LEADER 00413nab a2200133 i 4500 001 000000325135 003 CaOOAMICUS 005 20180831173456.0 008 180831n it uu u0 0ita r 013 $a36056 040 $aSeMil$bita 245 10$aAuguri! - In [rubrica] :$bCandidati 2002. 773 0 $t[MAGGIO 2002]. - 32 p.$gp.6$w()283212 996 $6245$aAuguri! - In [rubrica] :$bCandidati 2002.$9(OLS)http://semarc/title/398360 LEADER 00763nab a2200133 i 4500 001 000000327896 003 CaOOAMICUS 005 20180831173550.0 008 180831n it uu u0 0ita r 013 $a39490 040 $aSeMil$bita 245 10$aComunità del Seminario. Il Seminario in Rete racconta la vita delle sue cominità. Attraverso i vari portali si è sempre aggiornati sulle proposte culturali e spirituali. - In [rubrica] :$bNotizie dal Seminario. 773 0 $tPapa Francesco a Milano.$gp.26-27$w()290846 996 $6245$aComunità del Seminario. Il Seminario in Rete racconta la vita delle sue cominità. Attraverso i vari portali si è sempre aggiornati sulle proposte culturali e spirituali. - In [rubrica] :$bNotizie dal Seminario.$9(OLS)http://semarc/title/416501 LEADER 00710naa a2200145 i 4500 001 000000330069 003 CaOOAMICUS 005 20180831173632.0 008 180831n it u000 u ita u 013 $a41801 040 $aSeMil$bita 245 13$aIl ministero episcopale a Venezia e a Milano: modelli pastorali a confronto nell'Italia degli anni 50. 650 4$aEpiscopato - Pastorale.$0(OLS)http://semarc/subject/47525 773 0 $tGiovanni 23. e Paolo 6..$dRoma : Studium, 2013.$kFonti e ricerche della Fondazione Papa Giovanni 23$z978-88-382-4262-5$gp.121-128$w()257794 996 $6245$aIl ministero episcopale a Venezia e a Milano: modelli pastorali a confronto nell'Italia degli anni 50$9(OLS)http://semarc/title/418530 LEADER 00873nam a2200241 i 4500 001 000000232841 003 CaOOAMICUS 005 20140905000000.0 008 140905n it u000 u ita u 013 $a211744 040 $aSeMil$bita 100 0 $aAristoteles,$d<384-322 a.C.>.$0(OLS)http://semarc/name/1263 245 10$a3. 300 $a126 p. 490 0 $aFilosofi antichi. Nuova serie ;$v4 773 0 $aAristoteles <384-322 a.C.>$tParva naturalia.$dNapoli : Loffredo, 2013.$kFilosofi antichi. Nuova serie$z978-88-7564-613-4$g3$w()30501 830 0$aFilosofi antichi. Nuova serie ;$v4.$0(OLS)http://semarc/title/41527 850 $aSeMil 852 $aSeMil$W1$xVenegono$y1$m2P V 597$j183187$B183187$CSeMilBibl$Z2$F195202 $81 900 0 $aAristotele. 961 $aOmaggio: Altro 996 $6245$a3$9(OLS)http://semarc/title/47129 LEADER 00543naa a2200145 i 4500 001 000000322703 003 CaOOAMICUS 005 20180831173410.0 008 180831n it u000 u ita u 013 $a33024 040 $aSeMil$bita 245 10$aInculturazione e liturgia. 650 4$aLiturgia - Inculturazione.$0(OLS)http://semarc/subject/16306 773 0 $tInsegnamento del diritto canonico.$dMilano : Glossa, 2014.$kQuaderni della Mendola$z978-88-7105-341-7$gp.77-110$w()231273 996 $6245$aInculturazione e liturgia$9(OLS)http://semarc/title/393991 LEADER 00696naa a2200157 i 4500 001 000000299619 003 CaOOAMICUS 005 20180831172647.0 008 180831n xx u000 u und u 013 $a7268 040 $aSeMil$bita 100 1 $aMaggioni, Bruno,$d<1932-2020>.$0(OLS)http://semarc/name/4235 245 12$aI due discepoli di Emmaus (Lc 24,13-35) 650 4$aBibbia. Nuovo Testamento. Vangelo secondo Luca - Commentari, studi, critica, interpretazioni.$0(OLS)http://semarc/subject/142 773 0 $tInitium Sapientiae.$dBologna : EDB, copyr. 2000.$kSupplementi alla Rivista Biblica$z88-10-30224-9$w()72281 996 $6245$aI due discepoli di Emmaus (Lc 24,13-35)$9(OLS)http://semarc/title/375648 LEADER 00656naa a2200145 i 4500 001 000000297403 003 CaOOAMICUS 005 20180831172604.0 008 180831n xx u000 u und u 013 $a4929 040 $aSeMil$bita 100 1 $aOtt, Heinrich.$0(OLS)http://semarc/name/9886 245 14$aDie kreative Kontinuität im Dialog :$bBemerkungen zur Hermeneutik der christlichen Überlieferung. 773 0 $tPatrimonium fidei.$dRoma : Pontificio Ateneo S. Anselmo, 1997.$kStudia Anselmiana$z88-8139-083-3$w()59106 996 $6245$aDie kreative Kontinuität im Dialog :$bBemerkungen zur Hermeneutik der christlichen Überlieferung$9(OLS)http://semarc/title/373436